000
00341nam a2200133Ia 4500
008
230312s9999||||xx |||||||||||||| ||und||
082
_a
891.4
_b
ALI-S
100
_a
سیدّ پیر مہر علی شاہ گیلانی
245
0
_a
سیفِ چشتیائی
260
_a
pakisrtan
_c
2017
300
_a
230
650
_a
Literature
942
_c
BK
999
_c
14749
_d
14749